000 00805nam a2200289 i 4500
001 40589
003 ES-MaBCM
005 20241016104320.0
008 960423s1995 esp 000 0 spa d
017 _aZ.2454-1995
020 _a84-369-2653-6
021 _axx
035 _a(OCoLC)757183669
040 _cES-MaBCM
041 0 _aspa
043 _aesp
080 _a806.0
080 _a860
245 0 0 _aLengua castellana y literatura
_cDolores Abascal Vicente ... [et al.]
260 _aMadrid :
_bMinisterio de Educación y Ciencia,
_c1995
300 _a207 p.
_c22 cm
440 0 _aGuía de recursos didácticos
_998711
500 _aPrecede al tít. : Educación Secundaria Obligatoria
650 2 7 _aLengua española
_959208
650 7 _aLiteratura española
_959289
942 _cBK
999 _c40589
_d40589